| 000 | 00542nam a22001577a 4500 | ||
|---|---|---|---|
| 999 |
_c534534 _d534534 |
||
| 020 | _qHard Cover. | ||
| 082 | _a620.44 | ||
| 100 | _aMahmood, Haroon | ||
| 245 |
_aLowering of Band Gap of Titania Thin films by Integration of Graphene Nanosheets / _cHaroon Mahmood, |
||
| 260 |
_aIslamabad : _bSCME - NUST, _c2013. |
||
| 300 |
_axii, 45 p. ill. ; _c30cm. |
||
| 942 |
_2ddc _cTHE |
||
| 650 |
_aMaterials and Surface Engineering - MS Thesis. _916159 |
||
| 700 |
_aDr. Amir Habib. _919483 |
||